000 00297nam a22001337a 4500
008 170330b xxu||||| |||| 00| 0 eng d
020 _a080614816.5
041 _aeng
080 _a616-053.2
100 _a8
101 _aSHM
245 _aPRIMARY CARE OF THE NEWBORN
_cHOPKINS.J
942 _2udc
_cBK
999 _c9075
_d9075